Geomagnetic data Indices K and C, 1962 (Record no. 2657)

MARC details
000 -LEADER
fixed length control field 00588nam a2200205Ia 4500
003 - CONTROL NUMBER IDENTIFIER
control field IN-BaIIA
005 - DATE AND TIME OF LATEST TRANSACTION
control field 20250703120545.0
008 - FIXED-LENGTH DATA ELEMENTS--GENERAL INFORMATION
fixed length control field 211028s9999 xx 000 0 eng d
040 ## - CATALOGING SOURCE
Transcribing agency IIA Library
080 ## - UNIVERSAL DECIMAL CLASSIFICATION NUMBER
Universal Decimal Classification number 083.550.38
Item number IAGA-12Q1
100 ## - MAIN ENTRY--PERSONAL NAME
Personal name Bartels, J.
245 #0 - TITLE STATEMENT
Title Geomagnetic data Indices K and C, 1962
Statement of responsibility, etc. J. Bartels, A. Romaña and J. Veldkamp.
260 ## - PUBLICATION, DISTRIBUTION, ETC.
Place of publication, distribution, etc. Holland
Name of publisher, distributor, etc. IUGG Publications
Date of publication, distribution, etc. 1965
300 ## - PHYSICAL DESCRIPTION
Extent 101p.
650 ## - SUBJECT ADDED ENTRY--TOPICAL TERM
Topical term or geographic name entry element Geomagnetic data
650 ## - SUBJECT ADDED ENTRY--TOPICAL TERM
Topical term or geographic name entry element Geomagnetic data Indices
9 (RLIN) 4735
700 ## - ADDED ENTRY--PERSONAL NAME
Personal name Romaña, A.
9 (RLIN) 207
700 ## - ADDED ENTRY--PERSONAL NAME
Personal name Veldkamp, J.
9 (RLIN) 208
942 ## - ADDED ENTRY ELEMENTS (KOHA)
Koha item type Books
Source of classification or shelving scheme Dewey Decimal Classification
Holdings
Withdrawn status Lost status Source of classification or shelving scheme Damaged status Not for loan Home library Current library Shelving location Date acquired Total Checkouts Full call number Barcode Date last seen Price effective from Koha item type Purchase Price
    Dewey Decimal Classification     IIA Library-Bangalore IIA Library-Kodaikanal General Stacks     083.550.38/ IAGA-12Q1 2964 05/11/2021   Books  

Powered by Koha